| 000 | 00837cam a22001935a 4500 | ||
|---|---|---|---|
| 001 | L155758 | ||
| 008 | 120416s1756 xxk f 000 0 eng d | ||
| 035 | _a(Sirsi) u155758 | ||
| 041 | 0 | _aeng | |
| 100 | 1 |
_aWare, Isaac _dd. 1766 |
|
| 245 | 0 | 2 |
_aA complete body of architecture _bAdorned with plans and elevations, from original designs. By Isaac Ware, Esq. ... In which are interspersed some designs of Inigo Jones, never before published |
| 260 |
_aLondon _bprinted for T. Osborne and J. Shipton; J. Hodges; L. Davis; J. Ward; and R. Baldwin _c1756 |
||
| 300 |
_a[18], 92, [2], 93-116, [2], 117-120, [2], 121-748, [4] p., plates _c2o |
||
| 520 | _aTitlepage in red and black. | ||
| 583 | 0 |
_aCondition reviewed _c20120620 _lcondition level 2 |
|
| 651 | 4 |
_aGreat Britain _y1707- |
|
| 690 |
_aConstruction management _96230 |
||
| 942 | _n0 | ||
| 999 |
_c113797 _d113797 |
||